000 00465nam a2200169Ia 4500
008 210707s1977 xx 000 0 und d
041 _aeng
082 _a111.85 SUKC
100 _aSUKLA (Ananta Charana)
245 _aConcept of imitation greek and Indian aesthetics.
260 _aNew Delhi.
_bRupa & Co.,
_c1977
300 _aiii,308,xi p
365 _b60
_cINR
563 _aPB
650 _aPhilosophy
906 _aBeauty Imitation Greek Indian Aesthetics
999 _c180425
_d180425